[Event "Samara Polugaevsky Memorial 7th"]
[Site "Samara"]
[Date "2017.07.16"]
[Round "9"]
[White "Kalashnikova, Elena"]
[Black "Kuznetsov, Vladimir"]
[Result "1-0"]
[WhiteElo "1722"]
[BlackElo "1653"]
[PlyCount "59"]
[EventDate "2017.07.08"]
[EventType "swiss"]
[EventRounds "9"]
[EventCountry "RUS"]
[SourceTitle "EXT 2018"]
[Source "ChessBase"]
[SourceDate "2017.10.13"]
[SourceVersion "1"]
[SourceVersionDate "2017.10.13"]
[SourceQuality "1"]

1. e4 d6 2. d4 g6 3. c3 Bg7 4. Bc4 e6 5. Nf3 Ne7 6. Be3 0-0 7. Qd2 a6 8. Na3 b5 9. Bd3 Nd7 10. Bh6 Rb8 11. Nc2 d5 12. e5 c5 13. Bxg7 Kxg7 14. g4 c4 15. Be2 a5 16. h4 f5 17. h5 Rh8 18. hxg6 h6 19. gxf5 Nxf5 20. Ne3 Nxe3 21. Qxe3 b4 22. 0-0-0 a4 23. cxb4 Rxb4 24. Qc3 Rb5 25. Qa3 Nf8 26. Rdg1 Bd7 27. Bd1 Be8 28. Bc2 Nxg6 29. Nh4 Rf8 30. Nxg6 1-0

[Event "Samara Polugaevsky Memorial 7th"]
[Site "Samara"]
[Date "2017.07.14"]
[Round "7"]
[White "Kuznetsov, Vladimir"]
[Black "Chistyakova, Daria"]
[Result "0-1"]
[WhiteElo "1653"]
[BlackElo "1844"]
[PlyCount "60"]
[EventDate "2017.07.08"]
[EventType "swiss"]
[EventRounds "9"]
[EventCountry "RUS"]
[SourceTitle "EXT 2018"]
[Source "ChessBase"]
[SourceDate "2017.10.13"]
[SourceVersion "1"]
[SourceVersionDate "2017.10.13"]
[SourceQuality "1"]

1. c4 Nf6 2. Nc3 g6 3. g3 Bg7 4. Bg2 0-0 5. d4 d6 6. Nf3 Nbd7 7. 0-0 c5 8. e3 Ne8 9. b3 e5 10. dxe5 dxe5 11. Bb2 e4 12. Nd2 f5 13. f3 Ne5 14. fxe4 Ng4 15. Qe2 Nxe3 16. Rf3 Nc2 17. Rd3 Bd4+ 18. Kh1 Nxa1 19. Bxa1 Nd6 20. e5 Nf7 21. Nf3 Be6 22. Nxd4 cxd4 23. Nd5 Qa5 24. Bxd4 Rad8 25. Nf4 Rfe8 26. Nxe6 Rxe6 27. Bd5 Rxd5 28. Bc3 Rdxe5 29. Bxe5 Rxe5 30. Qf3 Qe1+ 0-1

[Event "Samara Polugaevsky Memorial 7th"]
[Site "Samara"]
[Date "2017.07.10"]
[Round "3"]
[White "Kuznetsov, Vladimir"]
[Black "Gutkovich, Polina"]
[Result "0-1"]
[WhiteElo "1653"]
[BlackElo "1921"]
[PlyCount "58"]
[EventDate "2017.07.08"]
[EventType "swiss"]
[EventRounds "9"]
[EventCountry "RUS"]
[SourceTitle "EXT 2018"]
[Source "ChessBase"]
[SourceDate "2017.10.13"]
[SourceVersion "1"]
[SourceVersionDate "2017.10.13"]
[SourceQuality "1"]

1. c4 c5 2. g3 Nc6 3. Nc3 g6 4. Bg2 Bg7 5. Nf3 e5 6. d3 Nge7 7. 0-0 0-0 8. a3 d6 9. Rb1 f5 10. Bg5 h6 11. Bxe7 Nxe7 12. e3 Be6 13. b3 e4 14. dxe4 Bxc3 15. exf5 Bxf5 16. Rc1 Bb2 17. Nh4 Bxc1 18. Nxf5 Rxf5 19. Qxc1 Qf8 20. e4 Rf6 21. f4 Nc6 22. Qb1 Kh7 23. f5 gxf5 24. Bh3 Nd4 25. exf5 Qe7 26. Qd1 Qe2 27. Qxe2 Nxe2+ 28. Kf2 Nd4 29. Re1 Nxf5 0-1

[Event "Irkutsk Spring"]
[Site "Irkutsk"]
[Date "2016.04.16"]
[Round "4"]
[White "Kuznetsov, Vladimir"]
[Black "Naumov, Ivan"]
[Result "1-0"]
[WhiteElo "2042"]
[BlackElo "2070"]
[PlyCount "65"]
[EventDate "2016.04.09"]
[EventType "swiss"]
[EventRounds "9"]
[EventCountry "RUS"]
[SourceTitle "EXT 2022"]
[Source "ChessBase"]
[SourceDate "2021.10.06"]
[SourceVersion "1"]
[SourceVersionDate "2021.10.06"]
[SourceQuality "1"]

1. d4 d5 2. c4 c6 3. Nc3 Nf6 4. Nf3 e6 5. e3 Nbd7 6. Qc2 Bd6 7. Bd2 a6 8. Bd3 b5 9. b3 0-0 10. 0-0 h6 11. Rad1 Re8 12. e4 dxe4 13. Nxe4 Nxe4 14. Bxe4 Bb7 15. Bc3 Nf6 16. Bd3 Qc7 17. c5 Be7 18. Ne5 a5 19. Qe2 b4 20. Bb2 a4 21. f4 axb3 22. axb3 Ra2 23. Bb1 Ba6 24. Nc4 Bxc4 25. bxc4 Raa8 26. Kh1 Nd7 27. f5 exf5 28. Rxf5 Bf6 29. Qg4 Re3 30. Bc1 Re7 31. Bxh6 Rae8 32. Rxf6 Re1+ 33. Rf1 1-0

[Event "Irkutsk Spring"]
[Site "Irkutsk"]
[Date "2016.04.09"]
[Round "1"]
[White "Usov, Alexander"]
[Black "Kuznetsov, Vladimir"]
[Result "0-1"]
[WhiteElo "1662"]
[BlackElo "2042"]
[PlyCount "66"]
[EventDate "2016.04.09"]
[EventType "swiss"]
[EventRounds "9"]
[EventCountry "RUS"]
[SourceTitle "EXT 2022"]
[Source "ChessBase"]
[SourceDate "2021.10.06"]
[SourceVersion "1"]
[SourceVersionDate "2021.10.06"]
[SourceQuality "1"]

1. e4 c5 2. Nf3 Nc6 3. d4 cxd4 4. Nxd4 Nf6 5. Nc3 e5 6. Nxc6 bxc6 7. Bg5 Be7 8. Bc4 Qb6 9. Bb3 Ba6 10. Na4 Qb4+ 11. c3 Qxe4+ 12. Be3 Qxg2 13. Kd2 Ne4+ 14. Kc1 Nxf2 15. Rg1 Nxd1 16. Rxg2 Nxe3 17. Rxg7 d5 18. Kd2 Nf5 19. Rg2 e4 20. Bc2 Bd6 21. b4 Bf4+ 22. Ke1 Ne3 23. Rf2 Nxc2+ 24. Rxc2 Rg8 25. Kf2 Bxh2 26. Nc5 Bc4 27. Rh1 Bg3+ 28. Ke3 Ke7 29. Rxh7 Be5 30. Rh5 Rg3+ 31. Kf2 Rf3+ 32. Ke1 Bxc3+ 33. Kd1 Rf1# 0-1

[Event "Irkutsk-ch sf"]
[Site "Irkutsk"]
[Date "2010.02.26"]
[Round "7"]
[White "Kuznetsov, Vladimir"]
[Black "Petrushin, Maxim"]
[Result "1-0"]
[WhiteElo "2139"]
[BlackElo "1932"]
[PlyCount "63"]
[EventDate "2010.02.20"]
[EventType "swiss"]
[EventRounds "7"]
[EventCountry "RUS"]
[SourceTitle "EXT 2022"]
[Source "ChessBase"]
[SourceDate "2021.10.06"]
[SourceVersion "1"]
[SourceVersionDate "2021.10.06"]
[SourceQuality "1"]

1. Nf3 d5 2. b3 Nf6 3. Bb2 Bf5 4. e3 Nbd7 5. Be2 e6 6. 0-0 Bd6 7. d3 e5 8. Nbd2 0-0 9. c4 c6 10. cxd5 cxd5 11. e4 dxe4 12. Nxe4 Qe7 13. Nxd6 Qxd6 14. Qc1 Rfe8 15. d4 e4 16. Ne5 Nd5 17. Bb5 a6 18. Ba3 Qxa3 19. Qxa3 axb5 20. Qd6 N7b6 21. a4 Red8 22. Qc5 bxa4 23. Nc4 Ra6 24. Nxb6 Rxb6 25. Rxa4 Be6 26. Rfa1 Rc8 27. Ra8 Rbc6 28. Qb5 Nc7 29. Rxc8+ Bxc8 30. Qe5 f5 31. d5 Rc5 32. Qe7 1-0